• 首页
  • 本馆介绍
  • 公告通知
  • 最新文献
  • 馆藏检索
  • 电子资源
  • 读者导购
  • 参考咨询
  • 我的图书馆
  • 登录
  • 详细信息显示
  • 放入我的书架
  • 预约/预借图书
  • 作者相关作品
  • 分类相关作品
  • 丛书相关作品
  • 出版社相关作品

书目信息

  • 表格格式
  • 工作单格式
  • 卡片格式
题名:
宝宝喜爱的睡前胎教故事
    
 
作者: 菅波 主编
分册:  
出版信息: 北京   中国轻工业出版社  2019.09
页数: 167页
开本: 17×19cm
丛书名:
单 册:
中图分类: G610.8
科图分类:
主题词: 胎教--tai jiao--基本知识
电子资源:
ISBN: 978-7-5184-1218-1
000 00969nam0 2200265 450
001 0109110012
005 20201109110331.0
010    @a978-7-5184-1218-1@dCNY32.80
100    @a20181129d2019 em y0chiy50 ea
101 0  @achi
102    @aCN@b110000
105    @aa z 000yy
106    @ar
200 1  @a宝宝喜爱的睡前胎教故事@Abao bao xi ai de shui qian tai jiao gu shi@eHONEY,听,最美胎教故事@f菅波主编
210    @a北京@c中国轻工业出版社@d2019.09
215    @a167页@c彩图@d17×19cm@e1手册
300    @a芝宝贝
307    @a附件:孕期减压胎教涂色小册子(13×15cm)
330    @a本书设置了6大胎教主题,给胎宝宝讲关于爱、友谊、大自然等主题明快、积极的胎教故事;还设置了“胎教公开课”等内容,介绍胎教小知识。
517 1  @aHONEY,听,最美胎教故事@AHONEY,ting,zui mei tai jiao gu shi
606 0  @a胎教@Atai jiao@x基本知识
690    @aG610.8@v5
701  0 @a菅波@Ajian bo@4主编@c(女)
801  0 @aCN@bBJSZM@c20201103
905    @b1263251-5@dG610.8@e1404@f5
    
    宝宝喜爱的睡前胎教故事:HONEY,听,最美胎教故事/菅波主编.-北京:中国轻工业出版社,2019.09
    167页:彩图;17×19cm+1手册
    芝宝贝
    
    ISBN 978-7-5184-1218-1:CNY32.80
    本书设置了6大胎教主题,给胎宝宝讲关于爱、友谊、大自然等主题明快、积极的胎教故事;还设置了“胎教公开课”等内容,介绍胎教小知识。
●
相关链接 在E读中查询图书 在五车中查询图书 在当当中查询图书 在豆瓣中查询图书


正题名:宝宝喜爱的睡前胎教故事     索取号:G610.8/1404         预约/预借

序号 登录号 条形码 馆藏地/架位号 状态 备注
1 1263251   212632515   第一样本阅览室/ [索取号:G610.8/1404] 在馆    
2 1263252   212632524   教育系资料室/ [索取号:G610.8/1404] 在馆    
3 1263253   212632533   教育系资料室/ [索取号:G610.8/1404] 在馆    
4 1263254   212632542   第四借阅区/ [索取号:G610.8/1404] 在馆    
5 1263255   212632551   第四借阅区/ [索取号:G610.8/1404] 在馆    
唐山师范学院图书馆 欢迎您!
大连网信软件有限公司© 版权所有